banner koha

Ação nematicida de óleo, extratos vegetais e de dois produtos à base de Capsaina, Capsainóides e Alil Isoticianato sobre juvenis de Meloidogyne javanica (Treub)Chitwood. (Registro n. 201867)

MARC details
000 -LÍDER
campo de controle de tamanho fixo 00998nas a2200313 4500
001 - NÚMERO DE CONTROLE
campo de controle BR0900823
003 - IDENTIFICADOR DO NÚMERO DE CONTROLE
campo de controle BR-BrBNA
005 - DATA E HORÁRIO DA ÚLTIMA TRANSAÇÃO
campo de controle 20231205113114.0
007 - CAMPO FIXO DE DESCRIÇÃO FÍSICA--INFORMAÇÃO GERAL
campo de controle de tamanho fixo ta
008 - CAMPO DE DADOS FIXOS--INFORMAÇÃO GERAL
campo de controle de tamanho fixo 230509b bl.|||p| |||| 00| 00por d
040 ## - FONTE DA CATALOGAÇÃO
Instituição da catalogação original BR-BrBNA
Idioma da catalogação por
Instituição que transcreveu o registro Biblioteca Nacional de Agricultura
041 ## - CÓDIGO DE IDIOMA
Código do idioma do texto/trilha sonora ou título diferente (Pt)
072 ## - CÓDIGO DE CATEGORIA DE ASSUNTO
Código de Categoria de Assunto H10
100 1# - ENTRADA PRINCIPAL--NOME PESSOAL
Nome pessoal Neves, W.S.
100 1# - ENTRADA PRINCIPAL--NOME PESSOAL
Nome pessoal Freitas, L.G.
100 1# - ENTRADA PRINCIPAL--NOME PESSOAL
Nome pessoal Fabry, C.E.S.
100 1# - ENTRADA PRINCIPAL--NOME PESSOAL
Nome pessoal Giaretta, R.D.
100 1# - ENTRADA PRINCIPAL--NOME PESSOAL
Nome pessoal Ferreira, P.A.
100 1# - ENTRADA PRINCIPAL--NOME PESSOAL
Nome pessoal Ferraz, L.O.
100 1# - ENTRADA PRINCIPAL--NOME PESSOAL
Nome pessoal Dhingra, O.D.
100 1# - ENTRADA PRINCIPAL--NOME PESSOAL
Nome pessoal Ferraz, S.
245 1# - TÍTULO
Título Ação nematicida de óleo, extratos vegetais e de dois produtos à base de Capsaina, Capsainóides e Alil Isoticianato sobre juvenis de Meloidogyne javanica (Treub)Chitwood.
650 ## - ASSUNTO--TERMO TÓPICO
Cabeçalho tópico ou nome geográfico NEMATÓIDE
650 ## - ASSUNTO--TERMO TÓPICO
Cabeçalho tópico ou nome geográfico EXTRATO VEGETAL
650 ## - ASSUNTO--TERMO TÓPICO
Cabeçalho tópico ou nome geográfico NEMATICIDA
773 0# - ENTRADA ANALÍTICA
Título Nematologia Brasileira (Brazil)
ISSN - International Standard Serial Number ISSN 0102-2997
Partes relacionadas (Jun 2008), v. 32(2) p. 93-100
Número de controle do registro BR0900823
909 ## -
-- 202311
-- Lúcia
-- 55
-- Lúcia Elande
942 ## - ELEMENTOS DE ENTRADA ADICIONADOS (KOHA)
Fonte da classificação ou esquema de arquivamento na estante Classificação AGRIS
Ocultar no OPAC Não
Tipo de material Koha Analítica
Exemplares
Situação do descarte Fonte da classificação ou esquema de arquivamento na estante Situação física Não pode ser emprestado Biblioteca de origem Biblioteca atual Localização na estante Enumeração do periódico / cronologia Total de empréstimos Data de último acesso Número do exemplar Tipo de material Koha Fonte de aquisição
  Classificação AGRIS   Consulta local Biblioteca Nacional de Agricultura - Binagri Biblioteca Nacional de Agricultura - Binagri   (Jun 2008), v. 32(2) p. 93-100   29/11/2023 01 Periódicos Portaria Interministerial nº 164/94

BINAGRI

Telefone: (61)3218-2567/2388/3357/2097 - binagri@agro.gov.br

Ministério da Agricultura e Pecuária , Esplanada dos Ministérios, Bloco D, Anexo B, Brasília/DF, CEP: 70.043-900